[Event "Montreal Pere Noel op"]
[Site "Montreal"]
[Date "2005.12.27"]
[Round "2"]
[White "Crete, Michel"]
[Black "Pilotte, Benoit"]
[Result "0-1"]
[WhiteElo "1910"]
[BlackElo "1750"]
[PlyCount "106"]
[EventDate "2005.12.26"]
[EventType "swiss"]
[EventRounds "5"]
[EventCountry "CAN"]
[SourceTitle "EXT 2007"]
[Source "ChessBase"]
[SourceDate "2006.11.23"]
[SourceVersion "1"]
[SourceVersionDate "2006.11.23"]
[SourceQuality "1"]

1. d4 Nf6 2. Nf3 d6 3. Nc3 g6 4. e4 Bg7 5. h3 0-0 6. Be3 c5 7. dxc5 Qa5 8. Nd2 dxc5 9. Nb3 Qc7 10. Nxc5 Rd8 11. Bd3 b6 12. Nb3 Bb7 13. Qe2 Nc6 14. 0-0 Nb4 15. Rad1 Nxd3 16. cxd3 Ba6 17. Rd2 e6 18. Bg5 h6 19. Bh4 Rd7 20. g4 Nh7 21. Rfd1 Be5 22. Qf3 Ng5 23. Bxg5 hxg5 24. d4 Bh2+ 25. Kg2 Bf4 26. Rd3 Bxd3 27. Rxd3 Rad8 28. Qd1 a5 29. d5 Be5 30. Nd4 Bxd4 31. Rxd4 Qc5 32. a4 e5 33. Rd2 Kg7 34. Nb5 f5 35. f3 fxe4 36. fxe4 Rf8 37. Qc2 Qe3 38. Qd3 Rf3 39. Qxe3 Rxe3 40. Nc3 Rd8 41. d6 Kf7 42. d7 Ke6 43. Kf2 Rxh3 44. Kg2 Rh7 45. Nd5 Rdxd7 46. Rc2 Rd6 47. Rc8 Rxd5 48. exd5+ Kxd5 49. Kf3 Rh3+ 50. Ke2 Rb3 51. Rc2 Rg3 52. Rc8 Rxg4 53. b3 Rg3 0-1

[Event "Montreal-ch"]
[Site "Montreal"]
[Date "1993.09.05"]
[Round "2"]
[White "Crete, Michel"]
[Black "Gladu, Pierre"]
[Result "0-1"]
[WhiteElo "1852"]
[BlackElo "1944"]
[PlyCount "69"]
[EventDate "1993.09.04"]
[EventType "swiss"]
[EventRounds "5"]
[EventCountry "CAN"]
[SourceTitle "EXT 2022"]
[Source "ChessBase"]
[SourceDate "2021.10.06"]
[SourceVersion "1"]
[SourceVersionDate "2021.10.06"]
[SourceQuality "1"]

1. d4 Nf6 2. Nf3 g6 3. Nc3 d5 4. Bf4 Bg7 5. e3 0-0 6. Be2 c6 7. Ne5 Nfd7 8. Nxd7 Nxd7 9. 0-0 e5 10. dxe5 Nxe5 11. Qd2 Be6 12. Rad1 Qe7 13. e4 d4 14. Nb1 Nc4 15. Bxc4 Bxc4 16. Rfe1 Bxa2 17. Qa5 Bxb1 18. Rxb1 b6 19. Qa4 Qc5 20. Rbd1 a5 21. Qb3 a4 22. Qd3 a3 23. b3 Rfe8 24. Ra1 a2 25. Bc1 Qc3 26. Qxc3 dxc3 27. Kf1 b5 28. f3 Red8 29. Ke2 Kf8 30. Be3 Ke7 31. Bc5+ Ke6 32. Red1 Rd2+ 33. Ke1 Rad8 34. Rdc1 Ra8 35. Rd1 0-1

[Event "Quebec op"]
[Site "Montreal"]
[Date "1993.07.31"]
[Round "1"]
[White "Bolduc, Steve"]
[Black "Crete, Michel"]
[Result "1-0"]
[WhiteElo "2061"]
[BlackElo "1921"]
[PlyCount "111"]
[EventDate "1993.07.31"]
[EventType "swiss"]
[EventRounds "8"]
[EventCountry "CAN"]
[SourceTitle "EXT 2022"]
[Source "ChessBase"]
[SourceDate "2021.10.06"]
[SourceVersion "1"]
[SourceVersionDate "2021.10.06"]
[SourceQuality "1"]

1. e4 e5 2. Nf3 Nc6 3. Bb5 Bc5 4. c3 f5 5. Bxc6 dxc6 6. Nxe5 Bd6 7. Qh5+ g6 8. Nxg6 Nf6 9. Qh4 Rg8 10. e5 Rxg6 11. exf6 Qxf6 12. Qxf6 Rxf6 13. 0-0 Be6 14. d4 Kf7 15. Nd2 Rg8 16. f4 Rfg6 17. g3 c5 18. Nf3 cxd4 19. cxd4 Bd5 20. Be3 Re8 21. Kf2 Rh6 22. h4 Rg6 23. a3 h6 24. Rfe1 Reg8 25. Rg1 Re6 26. Rae1 Rge8 27. Bd2 Be4 28. Bc3 c6 29. Re3 Bxf3 30. Rxe6 Rxe6 31. Kxf3 h5 32. d5 cxd5 33. Rd1 Re4 34. Rxd5 Ke6 35. Rd3 a6 36. Bd4 b5 37. Be3 Rc4 38. Bd4 Rc2 39. Rd1 Rc4 40. Rd2 Rc6 41. Bc3 Rc4 42. Re2+ Kf7 43. Re3 Rc6 44. Ke2 Bc5 45. Re5 Re6 46. Kf3 Rxe5 47. fxe5 Ke6 48. Kf4 Bf2 49. b3 Bc5 50. Kg5 Bf2 51. Kxh5 Bxg3 52. Kg5 Bf2 53. h5 Be3+ 54. Kg6 Bc1 55. b4 Be3 56. h6 1-0